Quiz o Częstochowie - Statystyki

Ogólne statystyki
  • Ten quiz został rozwiązany 1 303 razy
    1 301 od ostatniego zresetowania
  • Średni wynik to 9 z 17
Statystyki odpowiedzi
Wskazówka Odpowiedź % Poprawnych
Województwo, do którego należy miasto Śląskie
98%
Częstochowa była stolicą tego województwa w latach 1975-1998 Częstochowskie
90%
Słynne sanktuarium leżące na wzgórzu o tej samej nazwie, symbol miasta Jasna Góra
84%
Założony w 1921 r. klub piłkarski, który został mistrzem Polski w 2023 r. Raków Częstochowa
84%
Tablice rejestracyjne (jedna jest miasta, druga powiatu, którego Częstochowa jest siedzibą) SC
79%
Rzeka przepływająca przez miasto Warta
65%
SCZ
63%
Wyżyny, na których leży Częstochowa Wyżyna Krakowsko-Częstochowska
63%
Region historyczny, na którym leży Częstochowa Małopolska
48%
4-krotny mistrz Polski w żużlu Włókniarz Częstochowa
43%
6-krotny mistrz Polski w siatkówce AZS Częstochowa
35%
Prezydent miasta Krzysztof Matyjaszczyk
33%
Od 6 października 1944 do 19 stycznia 1945 miasto było siedzibą tej organizacji Armia Krajowa
22%
Ulica Józefa Piłsudskiego znana jest także jako... Aleja {Frytkowa}
20%
Najwyższe wzgórze leżące na terenie miasta Góra Ossona
12%
Nazwa, jaką nosiło miasto w trakcie okupacji niemieckiej Tschenstochau
12%
Wyżyna Woźnicko-Wieluńska
7%
Nie znaleziono quizów pasujących do podanych kryteriów
Rozkład punktacji
Procent ludzi z każdym wynikiem
Percentyl według liczby udzielonych odpowiedzi
Twoja historia wyników
Nie rozwiązałeś tego quizu od ostatniego zresetowania